Statistiques concernant Culture Générale - Série 860

Cliquez ici pour prendre le quiz!

Statistiques générales

  • Ce quiz a été pris 62 fois
  • Le résultat moyen est 7 sur 10

Statistiques - réponses

QuestionRéponse% Correct
Quel élément chimique a pour symbole "Pb" ?plomb
98%
Quel grade militaire, précédant celui de capitaine, a pour abréviation les lettres "Lt" ?Lieutenant
97%
Dans les "Petites Annonces d'Elie", Cyprien recherche une blonde à forte...poitrine
91%
A quel auteur français du XIXe siècle, prénommé Prosper, attribue-t-on une dictée extrêmement difficile ?Mérimée
86%
Quel mot désigne une plante à fleurs blanches en forme de clochettes, et une inflamation de la muqueuse buccale ?muguet
81%
Dans quelle capitale européenne peut-on admirer la colonne Trajane?Rome
74%
Dans quel pays d'Afrique le scarabée était-il l'emblème de la résurrection ?Égypte
74%
À quel poète dramatique français doit-on “Britannicus”, en 1669 ?Jean Racine
53%
Quel boxeur français était surnommé “le bombardier marocain” ?Marcel Cerdan
43%
Quel meuble à tiroirs, porte le nom d'un empereur romain ?commode
38%

Distribution des résultats

Percentile par nombre de réponses

% des personnes avec chaque résultat

Votre développement - résultats

Vous n’avez pas pris ce quiz